Moneda social y mercados solidarios II (Registro nro. 7072)

Detalles MARC
000 -LEADER
fixed length control field 01522 a2200289 4500
001 - CONTROL NUMBER
control field 60616
005 - DATE AND TIME OF LATEST TRANSACTION
control field 20260407155857.0
008 - FIXED-LENGTH DATA ELEMENTS--GENERAL INFORMATION
fixed length control field 260407a2012 arg spa d
003 - CONTROL NUMBER IDENTIFIER
control field AR-UNSa-BCEJYS
040 ## - CATALOGING SOURCE
Original cataloging agency AR-UNSa-BCEJYS
Language of cataloging spa
Transcribing agency AR-UNSa-BCEJYS
080 ## - UNIVERSAL DECIMAL CLASSIFICATION NUMBER
Universal Decimal Classification number 336.74
Common auxiliary subdivision Moneda. Sistema monetario
020 ## - INTERNATIONAL STANDARD BOOK NUMBER
International Standard Book Number 978-987-1599-90-5
041 ## - LANGUAGE CODE
Language code of text/sound track or separate title spa
100 1# - MAIN ENTRY--PERSONAL NAME
Personal name Orzi, Ricardo
245 10 - TITLE STATEMENT
Title Moneda social y mercados solidarios II
Name of part/section of a work La moneda social como lazo social
264 #1 - PRODUCTION, PUBLICATION, DISTRIBUTION, MANUFACTURE, AND COPYRIGHT NOTICE
Place of production, publication, distribution, manufacture Buenos Aires :
Name of producer, publisher, distributor, manufacturer Ediciones CICCUS
Date of production, publication, distribution, manufacture, or copyright notice 2012
300 ## - PHYSICAL DESCRIPTION
Extent 318 p.
Dimensions 22 cm.
505 ## - FORMATTED CONTENTS NOTE
Formatted contents note Sección I: Los debates actuales sobre moneda y moneda social. Su vinculación con las experiencias estudiadas - 1. Las monedas sociales y el debate sobre el origen del dinero - 2. La moneda social como institución necesaria en la transición hacia “otra economía” – 3. La formación de precios en las Redes de Trueque – 4. ¿Monedas para el cambio social? Algunas reflexione acerca del trueque argentino – Sección II: 1. La experiencia de la cooperativa y Banco de Horas de Trabajo Olga Cossettini, Capilla delo Monte de Córdoba – 2. La experiencia de la Economía Naturalista de Venado Tuerto – 3. La experiencia de General Rodríguez - 4. La experiencia del trueque ancestral de Iruya.
590 ## - LOCAL NOTE (RLIN)
Local note niveau_biblio:m niveau_hierar:0
700 1# - ADDED ENTRY--PERSONAL NAME
Personal name Borrello, Ricardo
700 1# - ADDED ENTRY--PERSONAL NAME
Personal name Costa, Carla
700 1# - ADDED ENTRY--PERSONAL NAME
Personal name Gómez, Georgina
700 1# - ADDED ENTRY--PERSONAL NAME
Personal name Herrera, Rosa
700 1# - ADDED ENTRY--PERSONAL NAME
Personal name Plasencia, Adela
700 1# - ADDED ENTRY--PERSONAL NAME
Personal name Saiag, Hadrien
942 ## - ADDED ENTRY ELEMENTS (KOHA)
Koha item type
Existencias
Withdrawn status Lost status Damaged status Not for loan Home library Current library Shelving location Date acquired Total checkouts Full call number Barcode Date last seen Price effective from Koha item type Public note
        Biblioteca Prof. Eusebio Cleto del Rey Biblioteca Prof. Eusebio Cleto del Rey   07/04/2026   336.74 O63 L129263 07/04/2026 07/04/2026 Libro CANTO SUPERIOR MANCHADO CON ROJO - PRIMERAS PÁGINAS DOBLADAS EN ESQUINA SUPERIOR